| 000 | 00399ntaaa2200181 4500 | ||
|---|---|---|---|
| 003 | 01 | ||
| 005 | 20251027201652.0 | ||
| 008 | 0714s1973 ag 01 | ||
| 040 |
_aAR-BaBN _bspa _cAR-BaBN _eaacr _dRIC |
||
| 082 | _a232.9000 R393 | ||
| 100 |
_aRenan, Ernesto _97994 |
||
| 245 | _aVida de Jesús | ||
| 250 | _a1 ed. | ||
| 260 |
_as.l., _cn.f. |
||
| 300 | _a394 p | ||
| 650 | _aJesucristo | ||
| 942 | _cBK | ||
| 999 |
_c11427 _d11427 |
||